Oriental rugs and caprets (Record no. 199009)

MARC details
000 -LEADER
fixed length control field 00689nam a2200241Ia 4500
003 - CONTROL NUMBER IDENTIFIER
control field OSt
005 - DATE AND TIME OF LATEST TRANSACTION
control field 20220918193433.0
008 - FIXED-LENGTH DATA ELEMENTS--GENERAL INFORMATION
fixed length control field 220917b |||||||| |||| 00| 0 eng d
037 ## - SOURCE OF ACQUISITION
Terms of availability Textual
040 ## - CATALOGING SOURCE
Original cataloging agency ARTS
Transcribing agency ARTS
Language of cataloging eng
041 ## - LANGUAGE CODE
Source of code eng
Language code of text/sound track or separate title eng
100 ## - MAIN ENTRY--PERSONAL NAME
Personal name Dilley Arthur Urbane
9 (RLIN) 81721
245 #0 - TITLE STATEMENT
Title Oriental rugs and caprets
Remainder of title a comprehensive study rev by Maurice S Dimand
260 ## - PUBLICATION, DISTRIBUTION, ETC.
Place of publication, distribution, etc. Philadelphia
Name of publisher, distributor, etc. J B Lippincott
Date of publication, distribution, etc. 1959
300 ## - PHYSICAL DESCRIPTION
Extent xxi,289p. plates
Dimensions cm.
650 ## - SUBJECT ADDED ENTRY--TOPICAL TERM
Topical term or geographic name entry element AESTHETICS
942 ## - ADDED ENTRY ELEMENTS (KOHA)
Classification part R5, J9 (=)
Koha item type Textual
Source of classification or shelving scheme Colon Classification (CC)
Holdings
Withdrawn status Lost status Damaged status Not for loan Home library Current library Date acquired Total Checkouts Full call number Barcode Date last seen Price effective from Koha item type
        Arts Library Arts Library 2022-09-18   R5 J9 (=) AL0521015 2022-09-18 2022-09-18 Textual
Copyright @ Delhi University Library System